Democratic Republic of Sao Tome and Principe : Fourth Review Under the Three-Year Arrangement Under the Poverty Reduction and Growth Facility, and Request for Waiver of Performance Criterion; Staff Report; Press Release on the Executive Board Discussion; and Statement by the Executive Director for the Democratic Republic of Sao Tome and Principe.

This paper discusses key findings of the Fourth Review Under the Poverty Reduction and Growth Facility (PRGF) for the Democratic Republic of Sao Tome and Principe. All quantitative performance criteria and structural benchmarks for end-December 2006 were met. Progress continues on structural reform,...

Cur síos iomlán

Sonraí bibleagrafaíochta
Údar corparáideach: International Monetary Fund
Formáid: IRIS
Teanga:English
Foilsithe / Cruthaithe: Washington, D.C. : International Monetary Fund, 2007.
Sraith:IMF Staff Country Reports; Country Report ; No. 2007/267
Rochtain ar líne:Full text available on IMF
LEADER 01892cas a2200241 a 4500
001 AALejournalIMF009508
008 230101c9999 xx r poo 0 0eng d
020 |c 5.00 USD 
020 |z 9781451925449 
022 |a 1934-7685 
040 |a BD-DhAAL  |c BD-DhAAL 
110 2 |a International Monetary Fund. 
245 1 0 |a Democratic Republic of Sao Tome and Principe :   |b Fourth Review Under the Three-Year Arrangement Under the Poverty Reduction and Growth Facility, and Request for Waiver of Performance Criterion; Staff Report; Press Release on the Executive Board Discussion; and Statement by the Executive Director for the Democratic Republic of Sao Tome and Principe. 
264 1 |a Washington, D.C. :  |b International Monetary Fund,  |c 2007. 
300 |a 1 online resource (56 pages) 
490 1 |a IMF Staff Country Reports 
500 |a <strong>Off-Campus Access:</strong> No User ID or Password Required 
500 |a <strong>On-Campus Access:</strong> No User ID or Password Required 
506 |a Electronic access restricted to authorized BRAC University faculty, staff and students 
520 3 |a This paper discusses key findings of the Fourth Review Under the Poverty Reduction and Growth Facility (PRGF) for the Democratic Republic of Sao Tome and Principe. All quantitative performance criteria and structural benchmarks for end-December 2006 were met. Progress continues on structural reform, albeit sometimes slower than originally envisaged. The authorities agreed to strengthen policy implementation to bring inflation further down. IMF staff recommends completion of the fourth review based on the country's performance and policy commitments. 
538 |a Mode of access: Internet 
830 0 |a IMF Staff Country Reports; Country Report ;  |v No. 2007/267 
856 4 0 |z Full text available on IMF  |u http://elibrary.imf.org/view/journals/002/2007/267/002.2007.issue-267-en.xml  |z IMF e-Library